|
|
|
|
| LEADER |
00000naa2a2200000 4500 |
| 001 |
192217 |
| 005 |
20231031181054.0 |
| 035 |
|
|
|a (RuTPU)RU\TPU\book\209602
|
| 090 |
|
|
|a 192217
|
| 100 |
|
|
|a 20110221d2007 k y0rusy50 ca
|
| 101 |
0 |
|
|a rus
|
| 102 |
|
|
|a RU
|
| 200 |
1 |
|
|a [Татьяна Васильевна Тарбокова]
|f Э. М. Кондакова, Г. А. Никольская
|
| 463 |
|
0 |
|0 (RuTPU)RU\TPU\book\126500
|t Мы - математики
|f Томский политехнический университет; под ред. Н. Г. Боровковой
|v С. 54
|d 2007
|p 186 с.
|
| 610 |
1 |
|
|a высшая математика
|
| 610 |
1 |
|
|a кафедры
|
| 610 |
1 |
|
|a математики
|
| 610 |
1 |
|
|a биографические данные
|
| 610 |
1 |
|
|a личностные качества
|
| 610 |
1 |
|
|a педагогическая деятельность
|
| 610 |
1 |
|
|a труды учёных ТПУ
|
| 700 |
|
1 |
|a Кондакова
|b Э. М.
|
| 701 |
|
1 |
|a Никольская
|b Г. А.
|c математик
|c старший преподаватель Томского политехнического университета
|f 1946-
|g Галина Аиповна
|2 stltpush
|
| 801 |
|
1 |
|a RU
|b 63413507
|c 20110221
|
| 801 |
|
2 |
|a RU
|b 63413507
|c 20160518
|g RCR
|
| 942 |
|
|
|c BK
|